| 000 | 00644nam a2200193 a 4500 | ||
|---|---|---|---|
| 001 | 000017752 | ||
| 005 | 20200929165223.0 | ||
| 008 | 100331s2002 dr a 000 0 spa d | ||
| 020 | _a9993461210 | ||
| 040 | _aDO-SdBNP | ||
| 082 |
_a920 _bM912h |
||
| 100 | 1 |
_aMosquera, Josefina _d1903-1997 _938614 |
|
| 245 | 1 | 3 |
_aLa historia de Josefina Mosquera : _bun ejemplo de fe y valentía / _cJosefina Mosquera. |
| 260 |
_aSanto Domingo : _bBúho, _c2002. |
||
| 300 |
_a154 p. : _bil. ; _c22 cm. |
||
| 500 | _aIncluye datos biográficos del autor en la solapa de la cubierta | ||
| 600 |
_aMOSQUERA Y ROUCO, JOSEFINA _y1903-1997 _938615 |
||
| 049 | _aBNPD | ||
| 999 |
_c17277 _d17277 |
||